[Event "GER T270-B39-S email"]
[Site "GER email"]
[Date "2017.08.15"]
[Round "?"]
[White "Michalek, Martin"]
[Black "Offenborn, Heinz"]
[Result "0-1"]
[WhiteElo "1973"]
[BlackElo "2112"]
[PlyCount "50"]
[EventDate "2017.08.18"]
[EventType "tourn (corr)"]
[EventRounds "8"]
[EventCountry "GER"]
[SourceTitle "Corr 2020"]
[Source "ChessBase"]
[SourceDate "2019.09.30"]
[SourceVersion "1"]
[SourceVersionDate "2019.09.30"]
[SourceQuality "1"]

1. e4 e5 2. f4 exf4 3. Nf3 g5 4. h4 g4 5. Ng5 h6 6. Nxf7 Kxf7 7. Nc3 Nf6 8. Bc4+ d5 9. Bxd5+ Nxd5 10. Nxd5 f3 11. gxf3 Qd6 12. d4 Qg3+ 13. Kd2 c6 14. Ne3 Bg7 15. c3 c5 16. d5 Rf8 17. fxg4 Kg8 18. Re1 Qh2+ 19. Kd3 Nd7 20. Bd2 Rf2 21. Kc2 Ne5 22. Rf1 Nf3 23. Rxf2 Qxf2 24. g5 Bh3 25. Kc1 Re8 0-1

[Event "GER T270-B39-S email"]
[Site "GER email"]
[Date "2017.08.15"]
[Round "?"]
[White "Michalek, Martin"]
[Black "Wnuck, Marek Von"]
[Result "0-1"]
[WhiteElo "1973"]
[BlackElo "2001"]
[PlyCount "44"]
[EventDate "2017.08.18"]
[EventType "tourn (corr)"]
[EventRounds "8"]
[EventCountry "GER"]
[SourceTitle "Corr 2020"]
[Source "ChessBase"]
[SourceDate "2019.09.30"]
[SourceVersion "1"]
[SourceVersionDate "2019.09.30"]
[SourceQuality "1"]

1. e4 e5 2. f4 exf4 3. Nf3 g5 4. h4 g4 5. Ng5 h6 6. Nxf7 Kxf7 7. Nc3 d5 8. Nxd5 Be7 9. Bc4 Bxh4+ 10. Kf1 Be6 11. Qe2 b5 12. Bb3 Bg5 13. d3 Nf6 14. Nxf4 Bxb3 15. axb3 Nc6 16. c3 Qd7 17. g3 Rae8 18. Ra6 h5 19. Kg2 h4 20. gxh4 Rxh4 21. Rxh4 Bxh4 22. Be3 Ne5 0-1

[Event "GER T270-B39-S email"]
[Site "GER email"]
[Date "2017.08.15"]
[Round "?"]
[White "Offenborn, Heinz"]
[Black "Michalek, Martin"]
[Result "1/2-1/2"]
[WhiteElo "2112"]
[BlackElo "1973"]
[PlyCount "51"]
[EventDate "2017.08.18"]
[EventType "tourn (corr)"]
[EventRounds "8"]
[EventCountry "GER"]
[SourceTitle "Corr 2020"]
[Source "ChessBase"]
[SourceDate "2019.09.30"]
[SourceVersion "1"]
[SourceVersionDate "2019.09.30"]
[SourceQuality "1"]

1. e4 e5 2. f4 exf4 3. Nf3 g5 4. h4 g4 5. Ng5 h6 6. Nxf7 Kxf7 7. Nc3 f3 8. d4 Be7 9. Bc4+ Kg7 10. gxf3 Bxh4+ 11. Ke2 d6 12. Be3 h5 13. Qg1 Bg5 14. f4 Be7 15. Rf1 Nc6 16. f5 Nf6 17. Kd1 Na5 18. Bd3 c5 19. Nd5 Kf7 20. dxc5 Nxd5 21. exd5 Bf6 22. cxd6 b6 23. Re1 Qxd6 24. Bd4 Qxd5 25. Bxf6 Kxf6 26. Kc1 1/2-1/2

[Event "GER T270-B39-S email"]
[Site "GER email"]
[Date "2017.08.15"]
[Round "?"]
[White "Wnuck, Marek Von"]
[Black "Michalek, Martin"]
[Result "1/2-1/2"]
[WhiteElo "2001"]
[BlackElo "1973"]
[PlyCount "64"]
[EventDate "2017.08.18"]
[EventType "tourn (corr)"]
[EventRounds "8"]
[EventCountry "GER"]
[SourceTitle "Corr 2020"]
[Source "ChessBase"]
[SourceDate "2019.09.30"]
[SourceVersion "1"]
[SourceVersionDate "2019.09.30"]
[SourceQuality "1"]

1. e4 e5 2. f4 exf4 3. Nf3 g5 4. h4 g4 5. Ng5 h6 6. Nxf7 Kxf7 7. Nc3 Nf6 8. d4 d5 9. Bxf4 Bb4 10. Be2 Bxc3+ 11. bxc3 Nxe4 12. c4 Nc6 13. 0-0 Kg6 14. Bxg4 h5 15. Bf3 Bf5 16. c3 Qxh4 17. cxd5 Qxf4 18. Bxh5+ Rxh5 19. Rxf4 Rah8 20. Qxh5+ Rxh5 21. dxc6 bxc6 22. c4 Nd6 23. c5 Nb5 24. Re1 Kg5 25. g3 Rh8 26. Re5 Rf8 27. d5 cxd5 28. Rb4 c6 29. g4 a5 30. Ra4 Nc3 31. Rd4 Nxa2 32. Rxf5+ Rxf5 1/2-1/2